The best Brawl Stars player of each country - Statistics

General Stats
  • This quiz has been taken 48 times
  • The average score is 5 of 18
Answer Stats
Picture Answer % Correct
Tensai
74%
Hyra
68%
Juan Carlos
59%
Guille
47%
Eqwaak
32%
Physic
32%
Snakethug
32%
Lapsa
29%
Cube
24%
Sans
24%
Spen
21%
Terry
18%
Vital Shark
18%
Superlab
15%
Prostislav
6%
Alekzz
3%
Frizzy
0%
Toodyxz
0%
No matching quizzes found
Score Distribution
Percent of People with Each Score
Percentile by Number Answered
Your Score History
You have not taken this quiz